Gemeinden von Segeberg auf einer Karte - Statistiken

Allgemein
  • Dieses Quiz wurde 31 mal gespielt
  • Das Durchschnittsergebnis liegt bei 28 aus 95
Antworten auf der Karte
Die Antworten werden auf der Karte rot bzw. grün angezeigt, abhängig davon wie oft sie richtig erraten wurden.
 
Antwortstatistiken
Kreis Einwohner Gemeinde % Korrekt
amtsfrei 28.104 Henstedt-Ulzburg
89%
amtsfrei 22.109 Kaltenkirchen
89%
amtsfrei 79.357 Norderstedt
89%
amtsfrei 17.381 Bad Segeberg
78%
Amt Boostedt-Rickling 3.104 Rickling
78%
Amt Boostedt-Rickling 7.124 Boostedt
67%
amtsfrei 9.751 Wahlstedt
67%
Amt Trave-Land 485 Wakendorf I
67%
Amt Kisdorf 1.347 Wakendorf II
67%
amtsfrei 14.773 Bad Bramstedt
56%
Amt Bornhöved 3.271 Bornhöved
56%
amtsfrei 6.319 Ellerau
56%
Amt Bad Bramstedt-Land 2.984 Großenaspe
56%
Amt Trave-Land 811 Neuengörs
56%
Amt Bad Bramstedt-Land 129 Borstel
44%
Amt Trave-Land 1.651 Fahrenkrug
44%
Amt Auenland Südholstein 1.192 Nützen
44%
Amt Auenland Südholstein 1.896 Schmalfeld
44%
Amt Trave-Land 2.178 Seedorf
44%
Amt Bad Bramstedt-Land 3.280 Sülfeld
44%
Amt Leezen 1.090 Todesfelde
44%
Amt Bornhöved 5.187 Trappenkamp
44%
Amt Bad Bramstedt-Land 1.709 Wiemersdorf
44%
Amt Leezen 975 Wittenborn
44%
Amt Auenland Südholstein 2.754 Alveslohe
33%
Amt Bad Bramstedt-Land 482 Hagen
33%
Amt Bad Bramstedt-Land 308 Heidmoor
33%
Amt Bad Bramstedt-Land 1.238 Hitzhusen
33%
Amt Itzstedt 2.265 Itzstedt
33%
Amt Itzstedt 1.182 Kayhude
33%
Amt Kisdorf 3.963 Kisdorf
33%
Amt Auenland Südholstein 2.682 Lentföhrden
33%
Amt Bad Bramstedt-Land 238 Mönkloh
33%
Amt Itzstedt 2.444 Nahe
33%
Amt Trave-Land 989 Negernbötel
33%
Amt Itzstedt 1.382 Oering
33%
Amt Trave-Land 909 Schackendorf
33%
Amt Bad Bramstedt-Land 1.045 Weddelbrook
33%
Amt Bad Bramstedt-Land 382 Armstedt
22%
Amt Leezen 944 Bark
22%
Amt Bad Bramstedt-Land 1.011 Bimöhlen
22%
Amt Bornhöved 223 Damsdorf
22%
Amt Bad Bramstedt-Land 302 Föhrden-Barl
22%
Amt Bad Bramstedt-Land 407 Fuhlendorf
22%
Amt Trave-Land 576 Geschendorf
22%
Amt Trave-Land 874 Glasau
22%
Amt Boostedt-Rickling 1.928 Groß Kummerfeld
22%
Amt Trave-Land 570 Groß Rönnau
22%
Amt Auenland Südholstein 1.894 Hartenholm
22%
Amt Bad Bramstedt-Land 340 Hasenkrug
22%
Amt Auenland Südholstein 766 Hasenmoor
22%
Amt Boostedt-Rickling 669 Heidmühlen
22%
Amt Kisdorf 856 Kattendorf
22%
Amt Trave-Land 577 Klein Gladebrügge
22%
Amt Trave-Land 1.764 Klein Rönnau
22%
Amt Trave-Land 397 Krems II
22%
Amt Leezen 1.740 Leezen
22%
Amt Leezen 430 Mözen
22%
Amt Trave-Land 558 Nehms
22%
Amt Itzstedt 1.937 Seth
22%
Amt Kisdorf 1.098 Sievershütten
22%
Amt Trave-Land 244 Stipsdorf
22%
Amt Bornhöved 404 Stocksee
22%
Amt Kisdorf 870 Stuvenborn
22%
Amt Bornhöved 669 Tensfeld
22%
Amt Trave-Land 493 Traventhal
22%
Amt Trave-Land 1.015 Weede
22%
Amt Trave-Land 831 Wensin
22%
Amt Trave-Land 215 Bahrenhof
11%
Amt Leezen 651 Bebensee
11%
Amt Trave-Land 580 Blunk
11%
Amt Trave-Land 366 Bühnsdorf
11%
Amt Boostedt-Rickling 648 Daldorf
11%
Amt Trave-Land 51 Dreggers
11%
Amt Leezen 399 Fredesdorf
11%
Amt Bornhöved 490 Gönnebek
11%
Amt Leezen 676 Groß Niendorf
11%
Amt Bad Bramstedt-Land 472 Hardebek
11%
Amt Leezen 406 Högersdorf
11%
Amt Kisdorf 378 Hüttblek
11%
Amt Leezen 452 Kükels
11%
Amt Boostedt-Rickling 606 Latendorf
11%
Amt Leezen 719 Neversdorf
11%
Amt Kisdorf 885 Oersdorf
11%
Amt Trave-Land 1.625 Pronstorf
11%
Amt Trave-Land 1.272 Rohlstorf
11%
Amt Trave-Land 260 Schieren
11%
Amt Bornhöved 486 Schmalensee
11%
Amt Leezen 258 Schwissel
11%
Amt Trave-Land 261 Strukdorf
11%
Amt Kisdorf 970 Struvenhütten
11%
Amt Bornhöved 158 Tarbek
11%
Amt Trave-Land 206 Travenhorst
11%
Amt Trave-Land 446 Westerrade
11%
Amt Bornhöved 382 Winsen
11%
Keine übereinstimmenden Quizze gefunden
Verteilung der Resultate
Anzahl Personen mit jedem Resultat
Perzentil nach korrekt beantworteten Fragen
Ihre Resultats-Entwicklung
Sie haben dieses Quiz noch nicht gespielt